Anatomy of an electoral tsunami
| Other Authors: | , |
|---|---|
| Format: | Book |
| Published: |
Petaling Jaya, Selangor :
SIRD ,
2018
|
| Subjects: |
MARC
| LEADER | 00000cam a2200000 7i4500 | ||
|---|---|---|---|
| 001 | 0000004163 | ||
| 005 | 20181227.0 | ||
| 020 | 0 | 0 | |a 9789672165347 |
| 090 | 0 | 0 | |a 306.209595 |b GE 2018 |
| 245 | 1 | 0 | |a Anatomy of an electoral tsunami |c Lim Teck Ghee...[et.al] |
| 260 | 0 | 0 | |a Petaling Jaya, Selangor : |b SIRD , |c 2018 |
| 300 | |a viii, 243 p. ; |c 23 cm. | ||
| 651 | 0 | 0 | |a Malaysia---Politic and goverment |
| 651 | 0 | 0 | |a Politic and culture---Malaysia |
| 700 | 0 | 1 | |a S.Thayaparan |
| 700 | 0 | 1 | |a Terence Netto |
| 999 | |a 008045 |b Monograph |c Open Shelf |e Default branch | ||